000 00877aaa a2200253 4500
001 13014
003 HDC
007 cr bn ---aaaaa
008 210211 9999 my o 0o0 0 m may
040 _aHDC
245 0 _aKajian Separuh Penggal Rancangan Malaysia Kelapan 2001-2005
260 _aPutrajaya :
_bUnit Perancang Ekonomi, Jabatan Perdana Menteri,
_c[no year]
300 _a514 pages
336 _atext
_2rdacontent
337 _acomputer
_2rdamedia
338 _aonline resource
_2rdacarrier
650 _aEconomic conditions
_zMalaysia
_98531
650 _aEconomic policy
_91976
710 _aMalaysia.
_bUnit Perancang Ekonomi
856 _zRequest full-text at [email protected]
942 _2lcc
942 _cEBOOK
942 _kEBOK 000962
999 _c10330
_d10330